opac header logoIBA Library

Business research methods. (Record no. 693)

MARC details
000 -LEADER
fixed length control field 00515nam a22002057a 4500
003 - CONTROL NUMBER IDENTIFIER
control field BD-DhUIB
005 - DATE AND TIME OF LATEST TRANSACTION
control field 20260202160804.0
008 - FIXED-LENGTH DATA ELEMENTS--GENERAL INFORMATION
fixed length control field 260202b |||||||| |||| 00| 0 eng d
020 ## - INTERNATIONAL STANDARD BOOK NUMBER
International Standard Book Number 9781264704651
040 ## - CATALOGING SOURCE
Original cataloging agency BD-DhUIB
Transcribing agency BD-DhUIB
050 ## - LIBRARY OF CONGRESS CALL NUMBER
Classification number 658.0072S185b
082 ## - DEWEY DECIMAL CLASSIFICATION NUMBER
Edition number 22
100 ## - MAIN ENTRY--PERSONAL NAME
Personal name Schindler, Pamela S.
9 (RLIN) 207
245 ## - TITLE STATEMENT
Title Business research methods.
250 ## - EDITION STATEMENT
Edition statement 14th ed.
260 ## - PUBLICATION, DISTRIBUTION, ETC.
Place of publication, distribution, etc. New york.
Name of publisher, distributor, etc. Mc Graw Hill.
Date of publication, distribution, etc. c2022
300 ## - PHYSICAL DESCRIPTION
Extent xxxi, 624p. :
Other physical details illus;
Dimensions 25cm.
526 ## - STUDY PROGRAM INFORMATION NOTE
Program name BBA
942 ## - ADDED ENTRY ELEMENTS (KOHA)
Source of classification or shelving scheme Dewey Decimal Classification
Koha item type Books
Holdings
Withdrawn status Lost status Source of classification or shelving scheme Damaged status Not for loan Collection code Home library Current library Shelving location Date acquired Source of acquisition Total Checkouts Full call number Barcode Date last seen Copy number Price effective from Koha item type
    Dewey Decimal Classification     Non-fiction IBA Library IBA Library General Stacks 01/22/2026 Purchase   658.0072 00051712 02/02/2026 C-1 02/02/2026 Books
    Dewey Decimal Classification     Non-fiction IBA Library IBA Library General Stacks 01/22/2026 Purchase   658.0072S185b 00051715 02/02/2026 C-2 02/02/2026 Books
Copyright © 2021-2026 | IBA Library
Institute of Business Administration (IBA)
University of Dhaka
Library Home | IBA Home